Differentiation and growth of cells in vertebrate tissues

Uloženo v:
Podrobná bibliografie
Hlavní autor: Goldspink, G
Médium: Kniha
Jazyk:angličtina
Vydáno: London, England, United Kingdom Chapman and Hall 1974
Témata:
Tagy: Přidat tag
Žádné tagy, Buďte první, kdo vytvoří štítek k tomuto záznamu!

MARC

LEADER 00000nam a2200000 a 4500
001 UCT5504
003 CL-VaPUC
005 20250225111402.0
008 961211e19740000UK |||||||||||||||||eng|d
999 |c 254423  |d 254421 
040 |c Pontificia Universidad Católica de Valparaíso 
082 0 4 |a 596.08 GOL 1974  |2 21 
100 0 |a Goldspink, G  |9 375009 
245 1 0 |a Differentiation and growth of cells in vertebrate tissues 
260 0 3 |a London, England, United Kingdom  |b Chapman and Hall  |c 1974 
300 |a 323 páginas 
583 |a last modification  |c 19961211 00:00:00  |k Rodrigo Vera 
650 0 |a Células   |9 269548 
650 0 |a Animales   |9 269820 
650 0 |a Fisiología celular   |9 261425 
650 7 |a CRECIMIENTO  |2 CL-VaPUC  |9 375010 
650 0 |a Vertebrados  |9 320144 
650 0 |a Músculos  |9 269552 
650 7 |a PIEL  |2 CL-VaPUC  |9 375011 
650 7 |a GONADAS  |2 CL-VaPUC  |9 373192 
650 0 |a Sangre  |9 344737 
942 |c BK  |2 ddc 
945 |d 19961211 00:00:00  |a paguirre 
952 |0 0  |1 0  |2 ddc  |4 0  |6 596_080000000000000_GOL_1974  |7 0  |8 A  |9 276088  |a BIBCUR  |b BIBCUR  |d 2019-11-19  |i 1797611  |l 1  |o 596.08 GOL 1974  |p 1797611  |r 2025-04-22  |s 2024-10-03  |t 1  |w 2019-11-19  |y BK  |k BIO